000 00411cam a2200181 4500
001 D13022
008 090401t xxu||||| |||| 00| 0 eng d
035 _a(Sirsi) u7292
041 _aeng
100 _aHudson, R.
245 4 _aThe land valuer`s best assistant
250 _aNew
260 _aLondon
_bCrosby Lockwood & Son
_c1904?
350 _a0
520 _aShelf 117
942 _n0
948 _c04/03/1997
999 _c86403
_d86403